[Event "Oberliga Nord W 2122"]
[Site "Germany"]
[Date "2022.04.03"]
[Round "8.1"]
[White "Mueer, Sebastian"]
[Black "Stelmaszyk, Nico"]
[Result "0-1"]
[WhiteElo "2202"]
[BlackElo "2293"]
[PlyCount "86"]
[EventDate "2021.10.10"]
[EventType "team-tourn"]
[EventRounds "9"]
[EventCountry "GER"]
[SourceTitle "EXT 2023"]
[Source "ChessBase"]
[SourceDate "2022.10.05"]
[SourceVersion "1"]
[SourceVersionDate "2022.10.05"]
[SourceQuality "1"]
[WhiteTeam "Oldenburg Union"]
[BlackTeam "Lehrte"]
[WhiteTeamCountry "GER"]
[BlackTeamCountry "GER"]

1. d4 d5 2. c4 dxc4 3. e4 b5 4. a4 c6 5. axb5 cxb5 6. Nc3 Qb6 7. Nd5 Qb7 8. Bf4 e5 9. Bxe5 Nd7 10. Bf4 Ngf6 11. Nc7+ Kd8 12. Nxa8 Qxe4+ 13. Ne2 Qxa8 14. Nc3 Bb4 15. f3 Nd5 16. Bd2 Bxc3 17. bxc3 a6 18. Be2 Qc6 19. 0-0 f5 20. Bg5+ Kc7 21. Qd2 Qd6 22. f4 Bb7 23. Rae1 N5f6 24. Bxf6 Nxf6 25. Bf3 Be4 26. Bxe4 Nxe4 27. Qc2 h5 28. Rxe4 fxe4 29. Qxe4 Rd8 30. Qh7 b4 31. Qxg7+ Rd7 32. Qg5 bxc3 33. Qa5+ Qb6 34. Qe5+ Kc8 35. Qe8+ Rd8 36. Qxh5 Qxd4+ 37. Kh1 Qd3 38. Re1 c2 39. Qc5+ Kb7 40. Qb4+ Ka8 41. Qa4 Qb3 42. Qc6+ Qb7 43. Qa4 Qb1 0-1

[Event "Oberliga Nord W 2122"]
[Site "Germany"]
[Date "2021.12.12"]
[Round "4.1"]
[White "Mueer, Sebastian"]
[Black "Bode, Wilfried"]
[Result "1/2-1/2"]
[WhiteElo "2202"]
[BlackElo "2352"]
[PlyCount "139"]
[EventDate "2021.10.10"]
[EventType "team-tourn"]
[EventRounds "9"]
[EventCountry "GER"]
[SourceTitle "EXT 2023"]
[Source "ChessBase"]
[SourceDate "2022.10.05"]
[SourceVersion "1"]
[SourceVersionDate "2022.10.05"]
[SourceQuality "1"]
[WhiteTeam "Oldenburg Union"]
[BlackTeam "Hameln"]
[WhiteTeamCountry "GER"]
[BlackTeamCountry "GER"]

1. d4 Nf6 2. Nf3 e6 3. Bf4 b6 4. e3 Bb7 5. Bd3 Nh5 6. Bg5 Be7 7. Bxe7 Qxe7 8. 0-0 0-0 9. c4 d6 10. Nc3 Nd7 11. Re1 g6 12. Be4 Bxe4 13. Nxe4 Rfd8 14. Nc3 c5 15. a3 Nhf6 16. b4 Rac8 17. Nd2 d5 18. Qb3 cxd4 19. exd4 dxc4 20. Nxc4 Nb8 21. Ne2 Nc6 22. Rad1 Nd5 23. b5 Na5 24. Nxa5 bxa5 25. Qa4 Nc3 26. Nxc3 Rxc3 27. Qxa5 Rxa3 28. Qd2 Qd6 29. Ra1 Rxa1 30. Rxa1 Qxd4 31. Qxd4 Rxd4 32. g3 Rd7 33. h4 Kf8 34. Kg2 Ke7 35. Ra6 Rb7 36. Kf3 h6 37. Ke4 f5+ 38. Kd4 Rxb5 39. Rxa7+ Kf6 40. Ke3 Rb3+ 41. Ke2 g5 42. hxg5+ hxg5 43. Ra6 g4 44. Ra5 Rc3 45. Rb5 Ra3 46. Rc5 Ke7 47. Rc6 Kd7 48. Rb6 Rc3 49. Ra6 Rc6 50. Ra2 Kd6 51. Ke3 Rc3+ 52. Kd4 Rc1 53. Ra6+ Ke7 54. Ke3 Re1+ 55. Kd2 Re4 56. Kd3 Kf6 57. Rb6 Re5 58. Rb8 Ra5 59. Rb6 Ke5 60. Ke3 Kd5 61. Rb8 Ra3+ 62. Ke2 e5 63. Rb5+ Kd4 64. Rb4+ Kc5 65. Rb8 Kd5 66. Rb5+ Ke6 67. Rb6+ Kf7 68. Rb5 Ke6 69. Rb6+ Kd5 70. Rb5+ 1/2-1/2

[Event "Prague Summer op-A 8th"]
[Site "Prague"]
[Date "2021.08.13"]
[Round "9"]
[White "Mueer, Sebastian"]
[Black "Kvaloy, Aksel Bu"]
[Result "1-0"]
[WhiteElo "2246"]
[BlackElo "2126"]
[PlyCount "65"]
[EventDate "2021.08.06"]
[EventType "swiss"]
[EventRounds "9"]
[EventCountry "CZE"]
[SourceTitle "CBM 203 Extra"]
[Source "ChessBase"]
[SourceDate "2021.09.30"]
[SourceVersion "1"]
[SourceVersionDate "2021.09.30"]
[SourceQuality "1"]

1. Nf3 Nf6 2. c4 e6 3. g3 d5 4. Bg2 c6 5. b3 Bd6 6. Bb2 Nbd7 7. Nc3 0-0 8. 0-0 a6 9. d4 b5 10. Qc2 b4 11. Na4 Ne4 12. Ne5 Bxe5 13. Bxe4 dxe4 14. dxe5 c5 15. Qxe4 Qc7 16. Rfd1 Bb7 17. Qe3 Rfd8 18. Rd3 Rac8 19. Rad1 Kf8 20. f3 Ke8 21. Kf2 h6 22. h4 a5 23. h5 Ke7 24. Rd6 Ba8 25. g4 Qa7 26. g5 Bc6 27. gxh6 gxh6 28. Qxh6 Bxa4 29. Bc1 Rg8 30. Bg5+ Ke8 31. Rxe6+ fxe6 32. Qxe6+ Kf8 33. Qe7# 1-0

[Event "Niedersachsen-ch"]
[Site "Verden an der Aller"]
[Date "2020.01.05"]
[Round "7"]
[White "Voege, Tobias"]
[Black "Mueer, Sebastian"]
[Result "1-0"]
[WhiteElo "2314"]
[BlackElo "2212"]
[PlyCount "49"]
[EventDate "2020.01.02"]
[EventType "swiss"]
[EventRounds "7"]
[EventCountry "GER"]
[SourceTitle "EXT 2021"]
[Source "ChessBase"]
[SourceDate "2020.10.23"]
[SourceVersion "1"]
[SourceVersionDate "2020.10.23"]
[SourceQuality "1"]

1. d4 Nf6 2. c4 g6 3. Nc3 Bg7 4. Nf3 0-0 5. Bg5 h6 6. Bh4 c5 7. d5 d6 8. e3 Bf5 9. Bd3 Bxd3 10. Qxd3 Nbd7 11. 0-0 a6 12. a4 g5 13. Bg3 Nh5 14. Ne2 b5 15. axb5 axb5 16. Rxa8 Qxa8 17. cxb5 Bxb2 18. Qf5 Qc8 19. Qe4 Bf6 20. h4 Nb6 21. hxg5 hxg5 22. Nh2 Ng7 23. Ng4 Qb7 24. Bxd6 Rd8 25. Nh6+ 1-0

[Event "Niedersachsen-ch"]
[Site "Verden an der Aller"]
[Date "2020.01.03"]
[Round "3"]
[White "Mueer, Sebastian"]
[Black "Jakobeit, David"]
[Result "0-1"]
[WhiteElo "2212"]
[BlackElo "2139"]
[PlyCount "88"]
[EventDate "2020.01.02"]
[EventType "swiss"]
[EventRounds "7"]
[EventCountry "GER"]
[SourceTitle "EXT 2021"]
[Source "ChessBase"]
[SourceDate "2020.10.23"]
[SourceVersion "1"]
[SourceVersionDate "2020.10.23"]
[SourceQuality "1"]

1. d4 d5 2. Bf4 c5 3. e3 Nc6 4. Nf3 Nf6 5. Nbd2 cxd4 6. exd4 Qb6 7. Nb3 Bg4 8. Be2 e6 9. 0-0 Be7 10. c3 0-0 11. h3 Bh5 12. Bd3 a5 13. Rb1 Ne4 14. Nbd2 Bd6 15. Bxd6 Nxd6 16. Qe2 a4 17. Qe3 Rfe8 18. Qf4 Qd8 19. Rbe1 Ne7 20. Re3 Bg6 21. Ne5 Bxd3 22. Nxd3 Ng6 23. Qh2 b5 24. Rfe1 Nc4 25. Nxc4 bxc4 26. Nb4 a3 27. bxa3 Rxa3 28. Qg3 Rf8 29. Qg4 Ne7 30. Qd1 Qc7 31. Rg3 g6 32. Qa1 Rfa8 33. h4 Nf5 34. Rh3 h5 35. Qd1 Qf4 36. Qc1 Qxc1 37. Rxc1 Rb8 38. Kh2 Nxd4 39. Nxd5 exd5 40. cxd4 Rxa2 41. Rf3 Rd2 42. Rf4 Rbb2 43. Kg3 Rb3+ 44. Kh2 Rbd3 0-1

[Event "Oberliga Nord W 1920"]
[Site "Germany"]
[Date "2019.11.24"]
[Round "3.4"]
[White "Mueer, Sebastian"]
[Black "Schruefer, Guenther"]
[Result "1-0"]
[WhiteElo "2194"]
[BlackElo "2218"]
[PlyCount "101"]
[EventDate "2019.09.29"]
[EventType "team-tourn"]
[EventRounds "9"]
[EventCountry "GER"]
[SourceTitle "CBM 195 Extra"]
[Source "ChessBase"]
[SourceDate "2020.05.31"]
[SourceVersion "1"]
[SourceVersionDate "2020.05.31"]
[SourceQuality "1"]

1. d4 Nf6 2. Nf3 g6 3. c4 Bg7 4. Nc3 d5 5. h4 c5 6. dxc5 Qa5 7. cxd5 Nxd5 8. Qxd5 Bxc3+ 9. Bd2 Bxd2+ 10. Qxd2 Qxc5 11. Rc1 Qf5 12. g4 Qd7 13. Qc3 0-0 14. h5 Nc6 15. hxg6 fxg6 16. Ng5 Qxg4 17. Rxh7 Rf6 18. Qb3+ Be6 19. Nxe6 Kxh7 20. Bh3 Qb4+ 21. Qxb4 Nxb4 22. Rc7 Rb8 23. Rxe7+ Kh6 24. e3 Nd3+ 25. Ke2 Nxf2 26. Bg2 Rc8 27. Nd4 Ng4 28. Bf3 Kg5 29. b3 Rd8 30. Ne6+ Rxe6 31. Rxe6 Nf6 32. Bxb7 Rd7 33. Bf3 Kh4 34. e4 g5 35. e5 Ng4 36. Re8 Rg7 37. e6 Kg3 38. Bxg4 Kxg4 39. e7 Rf7 40. Kd3 Kg3 41. Rg8 Rxe7 42. Rxg5+ Kf3 43. Rd5 Rc7 44. b4 Kg4 45. Kd4 Kf4 46. a4 Kf3 47. b5 Kf4 48. Rd8 Kf5 49. Re8 Kf6 50. a5 Rc1 51. b6 1-0

[Event "Hoogeveen op 23rd"]
[Site "Hoogeveen"]
[Date "2019.10.24"]
[Round "7"]
[White "Jonkman, Harmen"]
[Black "Mueer, Sebastian"]
[Result "1-0"]
[WhiteElo "2383"]
[BlackElo "2194"]
[PlyCount "81"]
[EventDate "2019.10.19"]
[EventType "swiss"]
[EventRounds "9"]
[EventCountry "NED"]
[SourceTitle "CBM 192 Extra"]
[Source "Chessbase"]
[SourceDate "2019.11.06"]
[SourceVersion "1"]
[SourceVersionDate "2019.11.06"]
[SourceQuality "1"]

1. e4 c5 2. c3 d5 3. exd5 Qxd5 4. d4 Nf6 5. Na3 e6 6. Nf3 cxd4 7. Nb5 Na6 8. cxd4 Bb4+ 9. Nc3 Bd7 10. Bd2 Bxc3 11. bxc3 Qe4+ 12. Be3 Rc8 13. Bd3 Qg4 14. h3 Qh5 15. c4 0-0 16. Be2 Qa5+ 17. Bd2 Qa4 18. Qb3 Ne4 19. Be3 Qa5+ 20. Kf1 Ba4 21. Qd3 f5 22. Rc1 Rfd8 23. Qa3 b6 24. g4 Qb4 25. Qxb4 Nxb4 26. gxf5 exf5 27. d5 b5 28. Nd4 Nxa2 29. Ra1 Nac3 30. Nxf5 Rd7 31. Bg4 Rf8 32. Nh6+ gxh6 33. Bxd7 Ng3+ 34. Kg2 Nxh1 35. Be6+ Kg7 36. Bd4+ Kg6 37. Bxc3 Nxf2 38. Rf1 b4 39. Bxb4 Rb8 40. Bd6 Rb6 41. c5 1-0

[Event "Hoogeveen op 23rd"]
[Site "Hoogeveen"]
[Date "2019.10.22"]
[Round "5"]
[White "Emans, Job"]
[Black "Mueer, Sebastian"]
[Result "0-1"]
[WhiteElo "2028"]
[BlackElo "2194"]
[PlyCount "58"]
[EventDate "2019.10.19"]
[EventType "swiss"]
[EventRounds "9"]
[EventCountry "NED"]
[SourceTitle "CBM 192 Extra"]
[Source "Chessbase"]
[SourceDate "2019.11.06"]
[SourceVersion "1"]
[SourceVersionDate "2019.11.06"]
[SourceQuality "1"]

1. d4 Nf6 2. c4 g6 3. Nc3 Bg7 4. e4 d6 5. Nf3 0-0 6. Be2 e5 7. 0-0 Na6 8. d5 Nc5 9. Qc2 a5 10. Ne1 Qe7 11. Be3 b6 12. b3 Ng4 13. Bxg4 Bxg4 14. f3 Bd7 15. Nd3 f5 16. a3 h5 17. b4 Nxd3 18. Qxd3 Kh7 19. c5 f4 20. Bf2 bxc5 21. bxc5 g5 22. Nb5 g4 23. Nxc7 g3 24. Be1 Rab8 25. Ra2 dxc5 26. Bxa5 Qd6 27. Rd1 Rfc8 28. Ne6 Bxe6 29. dxe6 Qxd3 0-1

[Event "Daehne Pokal Niedersachsen"]
[Site "Lehrte"]
[Date "2019.09.07"]
[Round "2"]
[White "Janhoff, Axel"]
[Black "Mueer, Sebastian"]
[Result "1/2-1/2"]
[WhiteElo "1962"]
[BlackElo "2149"]
[PlyCount "38"]
[EventDate "2019.09.07"]
[EventType "k.o."]
[EventRounds "3"]
[EventCountry "GER"]
[SourceTitle "EXT 2023"]
[Source "ChessBase"]
[SourceDate "2022.10.05"]
[SourceVersion "1"]
[SourceVersionDate "2022.10.05"]
[SourceQuality "1"]

1. Nf3 c5 2. g3 Nc6 3. Bg2 g6 4. d3 Bg7 5. Nbd2 d6 6. e4 e5 7. 0-0 Nge7 8. a4 0-0 9. c3 h6 10. Nc4 Be6 11. Ne1 f5 12. Qe2 f4 13. f3 Qd7 14. Nc2 Rac8 15. a5 b6 16. a6 Na5 17. Nxa5 bxa5 18. c4 h5 19. Bd2 g5 1/2-1/2